000 00776cam a2200265 4500
001 11268
003 BD-RjUL
005 20211208235110.0
008 140126s1968 nyua 001 0 eng
035 _a(BD-RjUL)11317
040 _aDLC
_cDLC
_dBD-RjUL
_beng
041 _aeng
082 0 0 _a541.395
_bTHH 1968
100 1 _aThomson, S. J.
_q(Samuel J.)
_934867
245 1 0 _aHeterogeneous catalysis /
_c[by] S. J. Thomson [and] G. Webb.
260 _aEdenburgh ; London :
_bOliver and Boyd,
_cc1968.
300 _ax, 197 p. :
_billus. ;
_c22 cm.
490 0 _aUniversity chemical texts, 4
504 _aIncludes index.
650 0 _aCatalysis.
_934868
700 1 _aWebb, G.
_ejoint author.
_934869
942 _2ddc
_cBK
999 _c11268
_d11268